00981nam a2200265 i 4500001000400000100003900004245007400043250001700117260006600134300002200200490002700222505010100249650003500350700002400385740002600409740002200435740001800457740002900475830002700504020002900531040000800560041000800568008004100576856009800617bgj1 aHOWELLS, William Deand(1837-1920)10aNovels 1875-1886 /cWilliam Dean Howells ; [edited by] Edwin H. Cady. a[3rd print]. aNew York :bLiterary Classics of the United States,cc. 1982. a1217 pp ;c21 cm.1 aThe Library of America aContents : A Foregone Conclusion ; A Modern Instance ; Indian Summer ; The Rise of Silas Lapham. 9aAmerican fictiony19th century1 aCADY, Edwin H.eed.02aA Foregone Conclusion02aA Modern Instance02aIndian Summer02aThe Rise of Silas Lapham aThe Library of America a0940450046 (pbk, jacket) cBPK0 aeng s uk f |000 0 eng  uhttp://koha.tu.koszalin.pl/cgi-bin/koha/opac-detail.pl?biblionumber=47221yKatalog online BPK